Cestami noci hra v troch dejstvách

Podrobná bibliografia
Hlavný autor: Lelli, Renato, 1899-1962 (Autor)
Ďalší autori: Hečko, Blahoslav, 1915-2002 (Prekladateľ), Thrun, Rudolf, 1927-1985 (Zostavovateľ, kompilátor)
Médium: Kniha
Jazyk:slovenčina
taliančina
Fyzický popis:[17] nečíslovaných strán fotografie 20 cm
Vydavateľské údaje: [Bratislava] [Nová scéna] 1958
Predmet:

MARC

LEADER 00000cam a2200000 a 4500
001 vtls011911271
003 SK-MaSNL
005 20260301102341.0
008 251001s1958 xo o j 000 d slo
015 |a SNBA1959 
020 |q (brožované) 
035 |a urn:nbn:sk:snk-am00dxlq 
035 |a urn:nbn:sk:snk-am3i8p7 
035 |a B8131EB3-8F4B-4D60-A7DE-72C565FE3629 
040 |a SNK  |b slo  |c SNK  |e AACR2 
041 1 |a slo  |h ita 
044 |a xo  |c SK 
072 7 |a 792  |x Divadlo. Divadelné predstavenia  |2 konspekt 
080 |a (0:82-2)  |2 2011 
080 |a 821.131.1-2  |2 2001 
080 |a (055)  |2 2011 
100 1 |a Lelli, Renato,  |d 1899-1962  |4 aut  |9 437997 
245 1 0 |a Cestami noci  |b hra v troch dejstvách  |c Renato Lelli ; preložil Blahoslav Hečko ; [bulletin Novej scény Činohry pre mládež zostavil Rudo Thrún] 
260 |a [Bratislava]  |b [Nová scéna]  |c 1958 
300 |a [17] nečíslovaných strán  |b fotografie  |c 20 cm 
500 |a Činohra pre mládež 
500 |a Preložené z taliančiny ; v bulletine neuvedený názov vydavateľa. Pravdepodobný názov vydavateľa: Nová scéna 
610 2 7 |a Divadlo Nová scéna.  |b Činohra  |2 SNKKA  |9 119345 
655 7 |a talianske drámy  |2 SNKPH  |9 70799 
655 7 |a divadelné hry  |2 SNKPH  |9 70577 
655 7 |a bulletiny  |2 SNKPH  |9 70453 
700 1 |a Hečko, Blahoslav,  |d 1915-2002  |4 trl  |9 105189 
700 1 |a Thrun, Rudolf,  |d 1927-1985  |4 com  |9 193670 
710 2 |a Divadlo Nová scéna  |4 pbl  |9 228251 
852 |a Slovenská národná knižnica 
954 |a beletria cudzojazyčná (svetová)  |2 lita 
958 |a EUIPO 
958 |a TL 
958 |a OND 
958 |a LX 
958 |a UP 
958 |a SP 
958 |a RK 
999 |c 691963  |d 693893 
952 |a SNK  |b SNK  |y PREZ  |7 0  |p 17A0845201  |o snkSC 12597  |i snkKSP 263/59  |0 0  |1 0  |4 0  |d 2020-01-16  |f 1  |l 0  |r 2025-07-16 00:00:00  |w 2026-02-23